LEADER 01292nam a2200277 i 4500 001 000000192033 003 CaOOAMICUS 005 20100920000000.0 008 100920s1977 it u000 u ita u 013 $a170606 020 $a88-14-00801-9 040 $aSeMil$bita 245 13$aIl problema del potere :$bseminario di studi /$c[a cura dell'] Unione giuristi cattolici italiani ; Giovanni Colombo ... [et al.]. 260 $aRoma :$bGiuffrè,$ccopyr. 1977. 300 $a213 p. ;$c24 cm. 490 0 $aQuaderni di iustitia ;$v36 650 4$aPotere - Filosofia politica.$0(OLS)http://semarc/subject/3154 700 1 $aColombo, Giovanni,$c.$0(OLS)http://semarc/name/1549 710 2 $aUnione giuristi cattolici italiani .$0(OLS)http://semarc/name/1988 830 0$aQuaderni di iustitia ;$v36.$0(OLS)http://semarc/title/25093 850 $aSeMil 852 $aSeMil$W1$xVenegono$y1$m3L III 118$j142609$B142609$CSeMilBibl$Z2$F154972 $81 961 $aOmaggio: Grampa dott. Cesare 996 $6020$a88-14-00801-9$9(OLS)http://semarc/number/183195 996 $6245$aIl problema del potere :$bseminario di studi$9(OLS)http://semarc/title/276645 996 $6260$aRoma :$bGiuffrè$9(OLS)http://semarc/publisher/35008 LEADER 01138nam a2200229 i 4500 001 000000061994 003 CaOOAMICUS 005 20130213000000.0 008 130213s1963 xx u000 u fre u 013 $a33166 040 $aSeMil$bita 100 1 $aTalmy, Robert.$0(OLS)http://semarc/name/31481 245 10$aAux sources du Catholicisme sociale :$bL'École de la tour du Pin /$cpar Robert Talmy. 260 $aRoma - Parigi - Tournai - New-York :$bDesclée & C.,$ccopyr. 1963. 300 $aVII, 304 p. ;$c24 cm. 490 0 $aBibliothèque de théologie. Série 4, Histoire de la théologie ;$v3 [i.e.]7. 650 4$aMovimento cattolico - Storia.$0(OLS)http://semarc/subject/4896 830 0$aBibliothèque de théologie. Série 4, Histoire de la théologie ;$v3 [i.e.]7.$0(OLS)http://semarc/title/38031 850 $aSeMil 852 $aSeMil$W1$xVenegono$y1$m2L II 141$j28147$B28147$CSeMilBibl$Z2$F28150 $81 996 $6245$aAux sources du Catholicisme sociale :$bL'École de la tour du Pin$9(OLS)http://semarc/title/97543 996 $6260$aRoma - Parigi - Tournai - New-York :$bDesclée & C.$9(OLS)http://semarc/publisher/35898